Quiz sur le Bas-Rhin - Statistiques

Statistiques générales
  • Ce quiz a été pris 177 fois
  • Le résultat moyen est 15 sur 20
Statistiques - réponses
Question Réponse % Correct
Numéro du département 67
99%
Préfecture et plus grande ville Strasbourg
99%
Région Grand-Est
97%
Pays limitrophe Allemagne
96%
Le département a fusionné avec son voisin du sud le 1er janvier 2021 pour former la Collectivité Européenne d'... . Alsace
93%
Moselle
91%
Celui du Haut-Koenigsbourg reçoit plus de 500 000 visiteurs par an. Château
90%
Haut-Rhin
89%
Vosges
86%
Départements limitrophes Meurthe-et-Moselle
80%
Sous-préfectures Haguenau
76%
Evénement de plein-air ayant lieu en fin d'année et dont celui de la préfecture est considéré comme l'un des plus vieux au monde. Marché de Noël
75%
Selon une légende, c'est un boulanger de Bouxwiller qui aurait inventé cette pâtisserie salée. Bretzel
73%
Sélestat
69%
Gentilé Bas-Rhinois
66%
Saverne
56%
Chanteur natif du département à qui l'on doit ''Juste une photo de toi''. M. Pokora
51%
Lautebourg est la commune la plus ... de France. Orientale
44%
Molsheim
41%
Nombre d'habitants (arrondi à la dizaine de milliers d'habitants) 1 130 000 (1 125 559)
17%
Aucun quiz correspondant
Distribution des résultats
% des personnes avec chaque résultat
Percentile par nombre de réponses
Votre historique - résultats
Vous n’avez pas pris ce quiz